Venom & X-Men. Poison-X / Cullen Bunn, writer.
Available copies
- 1 of 1 copy available at LARL/NWRL Consortium.
Current holds
0 current holds with 1 total copy.
Show Only Available Copies
| Location | Call Number / Copy Notes | Barcode | Shelving Location | Status | Due Date |
|---|---|---|---|---|---|
| Detroit Lakes Public Library | Y G BUN (Text) | 33500012763876 | Main | Available | - |
Record details
- ISBN: 9781302912253
- ISBN: 1302912259
- Physical Description: 1 volume (unpaged) : color illustrations ; 26 cm.
- Publisher: New York, NY : Marvel Worldwide, Inc., a subsidiary of Marvel Entertainment, LLC [2018]
- Copyright: ©2018
Content descriptions
| General Note: | "Contains material originally published in magazine form as X-Men Blue #21-22 and Annual #1, and ... Read More |
| Formatted Contents Note: | X-Men blue annual #1 / Edgar Delgado, artist ; ... Read More |
| Summary, etc.: | "Spinning out of the events of 'Venomverse,' the ... Read More |
| Target Audience Note: | Rated T+ |
Search for related items by subject
| Genre: | Graphic novels. Superhero comics. Comic books, strips, etc. Graphic novels. Superhero comics. Graphic novel. |
Search for related items by series
| LDR | 03398cam a2200625Ii 4500 | ||
|---|---|---|---|
| 001 | 295453 | ||
| 003 | LARL_NWRL_CONSORTIUM | ||
| 005 | 20180817153139.0 | ||
| 008 | 171027t20182018nyua d 6 000 1 eng d | ||
| 040 | . | ‡aNZAUC ‡beng ‡erda ‡cNZAUC ‡dOCLCO ‡dOCLCF ‡dYDX ‡dT7B ‡dGZD ‡dBDX ‡dJQR ‡dUUC ‡dLNC ‡dIUK ‡dYVR | |
| 019 | . | ‡a1007757883 ‡a1037646646 ‡a1038248736 ‡a1047687041 | |
| 020 | . | ‡a9781302912253 ‡q(paperback) | |
| 020 | . | ‡a1302912259 ‡q(paperback) | |
| 035 | . | ‡a(OCoLC)1042287718 ‡z(OCoLC)1007757883 ‡z(OCoLC)1037646646 ‡z(OCoLC)1038248736 ‡z(OCoLC)1047687041 | |
| 082 | 0 | 4. | ‡a741.5/973 ‡223 |
| 100 | 1 | . | ‡aBunn, Cullen, ‡eauthor. |
| 245 | 1 | 0. | ‡aVenom & X-Men. ‡pPoison-X / ‡cCullen Bunn, writer. |
| 246 | 3 | 0. | ‡aPoison-x. |
| 246 | 3 | . | ‡aVenom and X-Men. ‡pPoison-X. |
| 264 | 1. | ‡aNew York, NY : ‡bMarvel Worldwide, Inc., a subsidiary of Marvel Entertainment, LLC ‡c[2018] | |
| 264 | 4. | ‡c©2018 | |
| 300 | . | ‡a1 volume (unpaged) : ‡bcolor illustrations ; ‡c26 cm. | |
| 336 | . | ‡atext ‡btxt ‡2rdacontent | |
| 336 | . | ‡astill image ‡bsti ‡2rdacontent | |
| 337 | . | ‡aunmediated ‡bn ‡2rdamedia | |
| 338 | . | ‡avolume ‡bnc ‡2rdacarrier | |
| 490 | 0 | . | ‡aVenom & X-Men |
| 500 | . | ‡a"Contains material originally published in magazine form as X-Men Blue #21-22 and Annual #1, and Venom #162-163"--Page facing title page. | |
| 505 | 0 | . | ‡aX-Men blue annual #1 / Edgar Delgado, artist ; Matt Millar, color artist ; VC's Joe Caramagna, letterer -- X-Men blue #21-22 / Jacopo Camagni, artist ; Matt Millar, color artist ; VC's Joe Caramagna, letterer -- Venom #162-163 / Edgar Salazar & Ario Anindito, pencilers, inkers ' Allen Martinez, inker ; Dono Sánchez-Almara. color artist ; VC's Clayton Cowles, letterer. |
| 520 | . | ‡a"Spinning out of the events of 'Venomverse,' the Children of the Atom and the Lethal Protector team up to take down an extradimensional threat! This is it, folks, the team-up you've been asking for: X-Men Blue and Venom must band together in the cold reaches of space to protect our universe from a threat more diabolical than you can imagine. But will Eddie Brock, his faithful symbiote, Marvel Girl, Cyclops, Iceman, Beast and Angel be enough to save this universe?"--Publisher's description. | |
| 521 | . | ‡aRated T+ | |
| 650 | 0. | ‡aX-Men (Fictitious characters) ‡vComic books, strips, etc. | |
| 650 | 0. | ‡aSuperheroes ‡vComic books, strips, etc. | |
| 651 | 0. | ‡aOuter space ‡vComic books, strips, etc. | |
| 650 | 7. | ‡aSuperheroes. ‡2fast ‡0(LARL_NWRL_CONSORTIUM)177502 | |
| 650 | 7. | ‡aX-Men (Fictitious characters) ‡2fast ‡0(LARL_NWRL_CONSORTIUM)40104 | |
| 651 | 7. | ‡aOuter space. ‡2fast ‡0(LARL_NWRL_CONSORTIUM)177768 | |
| 655 | 7. | ‡aGraphic novels. ‡2lcgft | |
| 655 | 7. | ‡aSuperhero comics. ‡2lcgft | |
| 655 | 7. | ‡aComic books, strips, etc. ‡2fast | |
| 655 | 7. | ‡aGraphic novels. ‡2fast | |
| 655 | 7. | ‡aSuperhero comics. ‡2fast | |
| 655 | 0. | ‡aGraphic novel. | |
| 700 | 1 | . | ‡aDelgado, Edgar, ‡d1976- ‡eillustrator. |
| 700 | 1 | . | ‡aMilla, Matt, ‡ecolourist. |
| 700 | 1 | . | ‡aMartinez, Allen, ‡eillustrator. |
| 700 | 1 | . | ‡aCamagni, Jacopo, ‡eillustrator. ‡0(LARL_NWRL_CONSORTIUM)217307 |
| 700 | 1 | . | ‡aSalazar, Edgar, ‡d1973- ‡eillustrator. |
| 700 | 1 | . | ‡aAnindito, Ario, ‡d1984- ‡eillustrator. |
| 700 | 1 | . | ‡aCaramagna, Joe, ‡eletterer. ‡0(LARL_NWRL_CONSORTIUM)214378 |
| 700 | 1 | . | ‡aCowles, Clayton, ‡eletterer. |
| 901 | . | ‡a295453 ‡b ‡c295453 ‡tbiblio | |

Add to basket
Permalink
Enable Highlighting